000
00259nam a2200109Ia 4500
008
190216s9999||||xx |||||||||||||| ||und||
100
_a
Thomas Tt
245
0
_a
Text Book Of Practical Chemistry
260
_b
Vidyarthimithram
650
_a
Chemistry
942
_c
BK
999
_c
2013
_d
2013